000 01329nam0a22003371 4500
001 RU\NLR\A1SV\56251
005 20251203171251.9
035 _a(NLR Aleph) 009738213
090 _a9934157
_c9934157
100 _a20060508d1926 u y0rusy50 ca
101 0 _arus
102 _aRU
200 1 _aМатериалы к XVI-й Смоленской губернской партийной конференции
_fВКП(б)
210 _aСмоленск
_cГубком ВКП(б)
_d1926
215 _a16 с.
_d26 см
300 _aБез тит. л.
517 1 _aМатериалы к 16 Смоленской губернской партийной конференции
517 1 _aМатериалы к Шестнадцатой Смоленской губернской партийной конференции
517 9 _aМатериалы к Шестнадцатой Смоленской губернской партийной конференции
620 _dСмоленск
710 0 2 _aВКП(б)
_bСмоленская губернская конференция
_d16
_f1926
801 0 _aRU
_bNLR
_c20060508
899 _aРНБ
_j37/854
899 _aРНБ
_j96/359
899 _aБАН
899 _aРГБ
942 _cBOOK
980 _aNB
980 _aA1SV
980 _aA1SV